00401nam a22001097a 4500008004100000082001500041100002000056245012500076260005500201300002300256650001200279220725b |||||||| |||| 00| 0 eng d a954.98 RIN aRinchen, Gyeden aལྷོ་འབྲུག་ཆོས་འབྱུང་བློ་གསར་རྣ་བའི་རྒྱན། aThimphu :bDzongkha Development Commission,c2022. avi, 450 p.c25 cm. aHistory